000
00328nam a22001457a 4500
003
SGT
020
_a
9788185790039
082
_a
615.19
_b
P20K
100
_a
KADAM,S.S
245
_a
PRINCIPLES OF MEDICINAL CHEMISTRY
260
_a
PUNE
_b
NIRALI PUB
_c
2020
300
_a
I-9
650
_a
MEDICINAL CHEMISTRY
942
_2
ddc
_c
BK
_0
1
999
_c
23033
_d
23033